Formovanie regionálnych klastrov ako nástroj riešenia problému regionálnych disparít

Vybrané prístupy chápania a definovania pojmu klaster. Typológia klastrov. Formovanie klastrov a ich životný cyklus. Politika zameraná na podporu rozvoja klastrov. Stratégie regionálneho rozvoja zamerané na využitie klastrového prístupu.

Saved in:
Bibliographic Details
Main Author: Rýsová, Lucia
Other Authors: Dobrík, Michal
Format: Book Chapter
Language:Slovak
Subjects:
Tags: Add Tag
No Tags, Be the first to tag this record!

MARC

LEADER 00000nla$a2200000$$$4500
001 0129556
005 20221207081549.1
041 0 |a slo 
044 |a SK 
245 1 0 |a Formovanie regionálnych klastrov ako nástroj riešenia problému regionálnych disparít  |c Lucia Rýsová, Michal Dobrík 
520 |a Vybrané prístupy chápania a definovania pojmu klaster. Typológia klastrov. Formovanie klastrov a ich životný cyklus. Politika zameraná na podporu rozvoja klastrov. Stratégie regionálneho rozvoja zamerané na využitie klastrového prístupu. 
610 2 0 |a klaster 
610 2 0 |a definície 
610 2 0 |a typológia 
610 2 0 |a rozvoj regionálny 
610 2 0 |a politika regionálna 
610 2 0 |a disparita 
100 1 |a Rýsová, Lucia 
700 1 |a Dobrík, Michal